Sports Quiz

Random Sports or Africa Quiz

African World Cup goalkeepers Quiz Stats

 Plays Quiz not verified by Sporcle

Score 0/43 Timer 08:00
0 Plays Today
Nation Goalkeeper % Correct
GhanaRichard Kingson
67.3%
GhanaRichard Kingson
67.3%
CameroonJacques Songo'o
61.9%
CameroonJacques Songo'o
61.9%
NigeriaVincent Enyeama
59.3%
NigeriaVincent Enyeama
59.3%
Cote D'IvoireBoubacar Barry
58.4%
Cote D'IvoireBoubacar Barry
58.4%
NigeriaPeter Rufai
53.1%
NigeriaPeter Rufai
53.1%
SenegalTony Sylva
51.3%
South AfricaHans Vonk
42.5%
CameroonThomas Nkono
40.7%
CameroonThomas Nkono
40.7%
CameroonJoseph-Antoine Bell
38.9%
South AfricaItumeleng Khune
36.3%
TunisiaAli Boumnijel
34.5%
TunisiaAli Boumnijel
34.5%
South AfricaAndre Arendse
31.9%
AlgeriaRais M'Bolhi
21.2%
Cote D'IvoireJean-Jacques TiziƩ
19.5%
TogoKossi Agassa
19.5%
Nation Goalkeeper % Correct
NigeriaIke Shorunmu
18.6%
AlgeriaFaouzi Chaouchi
18.6%
AngolaJoao Ricardo
17.7%
CameroonSouleymanou Hamidou
13.3%
MoroccoDriss Benzekri
13.3%
South AfricaMoeneeb Josephs
12.4%
CameroonBoukar Alioum
11.5%
TunisiaChoukri El Ouaer
8%
MoroccoKhalil Azmi
7.1%
MoroccoBadou Zaki
5.3%
AlgeriaNasser Drid
5.3%
AlgeriaMahdi Cerbah
5.3%
MoroccoZakaria Alaoui
3.5%
EgyptAhmed Shobair
3.5%
TunisiaMokhtar Naili
1.8%
MoroccoAllal Ben Kassou
0.9%
MoroccoMohamed Hazzaz
0.9%
AlgeriaLarbi El Hadi
0.9%
DR Congo [as Zaire]Kazadi Muamba
0.9%
DR Congo [as Zaire]Tubilandu Ndimbi
0.9%
EgyptKamel Masoud
0%

You're not logged in!

Compare scores with friends on all Sporcle quizzes.
OR
Log In

Show Comments

Extras

Top Quizzes Today


Score Distribution

Your Account Isn't Verified!

In order to create a playlist on Sporcle, you need to verify the email address you used during registration. Go to your Sporcle Settings to finish the process.

Report this User

Report this user for behavior that violates our Community Guidelines.

Details: